Chronic schizophronia (Record no. 1441049)

MARC details
000 -LEADER
fixed length control field 00590nam a2200217Ia 4500
005 - DATE AND TIME OF LATEST TRANSACTION
control field 20250923144613.0
008 - FIXED-LENGTH DATA ELEMENTS--GENERAL INFORMATION
fixed length control field 008 250917s9999 xx 000 0 eng d
037 ## - SOURCE OF ACQUISITION
Stock number Textual
040 ## - CATALOGING SOURCE
Original cataloging agency DSWL
Language of cataloging eng
Transcribing agency DSWL
041 ## - LANGUAGE CODE
Language code of text/sound track or separate title eng
Source of code eng
084 ## - COLON CLASSIFICATION NUMBER
Classification number L7zt7, N58
Assigning agency DSWL
100 ## - MAIN ENTRY--PERSONAL NAME
Personal name Freeman, T,
9 (RLIN) 826538
245 #0 - TITLE STATEMENT
Title Chronic schizophronia
Statement of responsibility, etc. by T. Freeman
260 ## - PUBLICATION, DISTRIBUTION, ETC.
Name of publisher, distributor, etc. . Tavistock Pub. Ltd.
Date of publication, distribution, etc. 1958
300 ## - PHYSICAL DESCRIPTION
Extent x,158p.
365 ## - TRADE PRICE
Price type code INR
Price amount 21
700 ## - ADDED ENTRY--PERSONAL NAME
Personal name J.L.Cameron A. Mcghie
9 (RLIN) 826539
925 ## -
-- 21
942 ## - ADDED ENTRY ELEMENTS (KOHA)
Koha item type Textual
Classification part L7zt7, N58
Holdings
Withdrawn status Lost status Damaged status Not for loan Home library Current library Date acquired Source of acquisition Inventory number Total Checkouts Full call number Barcode Date last seen Price effective from Koha item type
        Department of Social Work Library Department of Social Work Library 2025-09-23 Atma Ram & Sons Delhi Z/5520/57, 28.03.1958   L7zt7, N58 SW0005484 2025-09-23 2025-09-23 Textual
Copyright @ Delhi University Library System